000 00869nam a2200253Ia 4500
003 OSt
005 20221005111409.0
006 a|||||r|||| 00| 0
007 ta
008 221004b |||||||| |||| 00| 0 hin d
020 _a9789350728581 (hbk)
_c395
024 _a17705
037 _b516, 21/03/2015, Vani Prakashan
_cTextual
040 _aCRL
_cCRL
_bhin
041 _2hin
_ahin
082 _aO152,3NMA,SB, Q5
100 _aमाथुर, दिव्या
245 0 _aशाम भर बातें
246 _aShām bhar bātean
260 _aनई दिल्ली
_bवाणी प्रकाशन भारत
_c2015
650 _aहिन्दी साहित्य
942 _hO152,3NMA,SB, Q5
_cTEXL
_2cc
999 _c1021723
_d1021723